Score 0/18 Timer 04:00
1 Play Today
% Correct
supermarket
94.4%
superstar
92.6%
supersonic
92%
supervise
91.9%
supernova
91.7%
superior
89.6%
superannuation
89.4%
superintendent
89.2%
superpower
89.2%
% Correct
supernatural
88.9%
superstition
87.6%
superego
87.6%
superfluidity
87.2%
superimpose
87%
supersede
85.8%
superficial
83%
superfluous
78.7%
supercilious
57%

You're not logged in!

Compare scores with friends on all Sporcle quizzes.
OR
Log In

Sporcle TV

Today on Sporcle TV


Watch our educational content, quiz creation guides, and fun videos on Sporcle TV.

Show Comments

Extras

Top Quizzes Today


Score Distribution

Paid Content

Your Account Isn't Verified!

In order to create a playlist on Sporcle, you need to verify the email address you used during registration. Go to your Sporcle Settings to finish the process.

Report this User

Report this user for behavior that violates our Community Guidelines.

Details: